| 000 | 00000nam##2200000za#4500 |
| 001 | 9.637982 |
| 003 | CaOODSP |
| 005 | 20220901164755 |
| 007 | cr ||||||||||| |
| 008 | 150407|2003||||xxc|||||o f|0| 0 fre|d |
| 040 | |aCaOODSP|bfre |
| 043 | |an-cn--- |
| 086 | 1 |aJ4-2/2003F-PDF |
| 110 | 1 |aCanada.|bJustice Canada. |
| 245 | 10|aRéaction des victimes au traumatisme et conséquences sur les interventions : |h[ressource électronique]|bétude et synthèse de la documentation / |c[par] James K. Hill, Division de la recherche et de la statistique. |
| 260 | |aOttawa - Ontario : |bJustice Canada |cNovembre 2003. |
| 300 | |a80p. |
| 590 | |a10-16-Supp|b2010-12-30 |
| 720 | 1 |aHill, James K. |
| 775 | 08|tVictims' response to trauma and implications for interventions : |w(CaOODSP)9.692296 |
| 856 | 40|ahttp://publications.gc.ca|qPDF|s376 Ko|uhttps://publications.gc.ca/collections/collection_2010/justice/J4-2-2003-fra.pdf |
| 986 | |aRR03VIC-2f |